书目信息 |
| 题名: |
小学儿童心理学
|
|
| 作者: | 林礼元 , 徐胜三 编著 | |
| 分册: | ||
| 出版信息: | 北京 教育科学出版社 1981 |
|
| 页数: | 230页 | |
| 开本: | 19cm | |
| 丛书名: | ||
| 单 册: | ||
| 中图分类: | G44 , B844 | |
| 科图分类: | ||
| 主题词: | 小学生-教育心理学 , 教育心理学-小学生 , 发展心理学 | |
| 电子资源: | ||
| ISBN: | ||
| 000 | 00722nam0 2200277 45 | |
| 001 | 1230143125 | |
| 005 | 20120929082419.07 | |
| 010 | @dCNY0.56 | |
| 091 | @aCN@bK7352.67 | |
| 100 | @a19950705d1981 em y0chiy0121 ea | |
| 101 | 0 | @achi |
| 102 | @aCN@b110000 | |
| 105 | @ay z 000yy | |
| 200 | 10 | @a小学儿童心理学@Axiao xue er tong xin li xue@f林礼元,徐胜三编著 |
| 210 | @a北京@c教育科学出版社@d1981 | |
| 215 | @a230页@d19cm | |
| 606 | 0 | @a小学生-教育心理学 |
| 606 | 0 | @a教育心理学-小学生 |
| 606 | 0 | @a发展心理学 |
| 690 | @aG44@v3 | |
| 690 | @aB844@v4 | |
| 701 | 0 | @a林礼元@Alin li yuan@4编著 |
| 701 | 0 | @a徐胜三@Axu sheng san@4编著 |
| 801 | 0 | @aCN@bTSSF |
| 801 | 2 | @aCN@bNLC |
| 905 | @a10447@dB844@eJY31 | |
| 小学儿童心理学/林礼元,徐胜三编著.-北京:教育科学出版社,1981 |
| 230页;19cm |
| ISBN :CNY0.56 |
| ● |
| 相关链接 |
|
|
|
|
正题名:小学儿童心理学
索取号:B844/JY31
 
预约/预借
| 序号 | 登录号 | 条形码 | 馆藏地/架位号 | 状态 | 备注 |
| 1 | 7830144 | 278301446 | 学院路分馆/ [索取号:B844/JY31] | 在馆 | |
| 2 | 7830145 | 278301455 | 学院路分馆/ [索取号:B844/JY31] | 在馆 | |
| 3 | 7830146 | 278301464 | 学院路分馆/ [索取号:B844/JY31] | 在馆 | |
| 4 | 7830147 | 278301473 | 学院路分馆/ [索取号:B844/JY31] | 在馆 | |
| 5 | 7830148 | 278301482 | 学院路分馆/ [索取号:B844/JY31] | 在馆 | |
| 6 | 7830149 | 278301491 | 学院路分馆/ [索取号:B844/JY31] | 在馆 |